El gestor de cobranza : Perfil, funciones que dee seguir para cobrar en tiempos dificiles / Victor Molina Azar (Registro nro. 20664)
[ vista simple ]
| 000 -LEADER | |
|---|---|
| fixed length control field | 00673nam a2200229Ia 4500 |
| 001 - CONTROL NUMBER | |
| control field | 21323 |
| 003 - CONTROL NUMBER IDENTIFIER | |
| control field | DO-CoUTE |
| 005 - DATE AND TIME OF LATEST TRANSACTION | |
| control field | 20260204212553.0 |
| 008 - FIXED-LENGTH DATA ELEMENTS--GENERAL INFORMATION | |
| fixed length control field | 220104s9999 dr 000 0 spa d |
| 020 ## - INTERNATIONAL STANDARD BOOK NUMBER | |
| International Standard Book Number | 970-676-301-5 |
| 040 ## - CATALOGING SOURCE | |
| Original cataloging agency | DO-CoUTE |
| Language of cataloging | spa |
| Transcribing agency | DO-CoUTE |
| 041 0# - LANGUAGE CODE | |
| Language code of text/sound track or separate title | spa |
| 082 ## - DEWEY DECIMAL CLASSIFICATION NUMBER | |
| Classification number | 658.1526 M722g |
| 100 1# - MAIN ENTRY--PERSONAL NAME | |
| Personal name | Molina Azar, Victor |
| 245 10 - TITLE STATEMENT | |
| Title | El gestor de cobranza : Perfil, funciones que dee seguir para cobrar en tiempos dificiles / Victor Molina Azar |
| 260 ## - PUBLICATION, DISTRIBUTION, ETC. | |
| Place of publication, distribution, etc. | México D.F : Ediciones fiscales ISEF |
| 300 ## - PHYSICAL DESCRIPTION | |
| Extent | 72 páginas |
| 650 #4 - SUBJECT ADDED ENTRY--TOPICAL TERM | |
| Topical term or geographic name entry element | Cobranza |
| 942 ## - ADDED ENTRY ELEMENTS (KOHA) | |
| Source of classification or shelving scheme | Dewey Decimal Classification |
| Koha item type | Libros |
| Withdrawn status | Lost status | Source of classification or shelving scheme | Damaged status | Not for loan | Collection code | Home library | Current library | Date acquired | Inventory number | Total Checkouts | Full call number | Barcode | Date last seen | Copy number | Price effective from | Koha item type |
|---|---|---|---|---|---|---|---|---|---|---|---|---|---|---|---|---|
| Dewey Decimal Classification | Colección General | Biblioteca UTECO | Biblioteca UTECO | 01/02/2021 | 021058 | 658.1526 M722g | 021058 | 03/30/2022 | Ej.1 | 01/03/2021 | Libros |
